Normal view
MARC view
- الزراعة-المخاطر الزراعية
Entry Topical Term
001 - CONTROL NUMBER
- control field: 64270
003 - CONTROL NUMBER IDENTIFIER
- control field: JO-AjAnu
005 - DATE AND TIME OF LATEST TRANSACTION
- control field: 20230606084503.0
008 - FIXED-LENGTH DATA ELEMENTS
- fixed length control field: 230606|| aca||aabn | a|a d
040 ## - CATALOGING SOURCE
- Original cataloging agency: JO-AjAnu
- Transcribing agency: JO-AjAnu
150 ## - HEADING--TOPICAL TERM
- Topical term or geographic name entry element: الزراعة-المخاطر الزراعية
670 ## - SOURCE DATA FOUND
- Source citation: Work cat.: (JO-AjAnu)32766: طاهري، فاطمة الزهراء محمد , author 64269, إدارة المخاطر الزراعية